Statistics for joez Challenge #5

Click here to take the quiz!

General Stats

  • This quiz has been taken 14 times
  • The average score is 8 of 10

Answer Stats

ClueU.S.State% Correct
Home to Hollywood and Silicon Valley.California
100%
Home to Princeton UniversityNew Jersey
100%
Home to both the Football and the Rock & Roll Halls of FameOhio
100%
Land of LincolnIllinois
92%
Was an independent country 1836 to 1846.Texas
92%
Home to Yale UniversityConnecticut
83%
Home to largest subtropical wilderness in U.S.Florida
83%
Home to Crater Lake and Mount HoodOregon
83%
Largest producer of fresh mushrooms.Pennsylvania
50%
FINAL ANSWERCORRECT!
33%

Score Distribution

Percentile by Number Answered

Percent of People with Each Score

Your Score History

You have not taken this quiz